Witamy w Bibliotece Naukowej Instytutu Łączności!

Spravočnik po èlektronnym izmeritel'nym priboram / (Rekord nr 7591)

000 -LEADER
fixed length control field 00837cam a2200253 i 4500
001 - CONTROL NUMBER
control field vtls001047360
003 - CONTROL NUMBER IDENTIFIER
control field NUKAT
005 - DATE AND TIME OF LATEST TRANSACTION
control field 20190531090903.0
008 - FIXED-LENGTH DATA ELEMENTS--GENERAL INFORMATION
fixed length control field 080125s1978 ru a f |001 0 rusoc
035 ## - SYSTEM CONTROL NUMBER
System control number xx001047360
039 #9 - LEVEL OF BIBLIOGRAPHIC CONTROL AND CODING DETAIL [OBSOLETE]
Level of rules in bibliographic description 201810220023
Level of effort used to assign nonsubject heading access points AUTHORITY
Level of effort used to assign subject headings 201711080803
Level of effort used to assign classification koppw
Level of effort used to assign subject headings 201205301008
Level of effort used to assign classification koppgd
Level of effort used to assign subject headings 200801290106
Level of effort used to assign classification VLOAD
040 ## - CATALOGING SOURCE
Original cataloging agency Ł 30/MGa
Transcribing agency Ł 30/MGa
Modifying agency Ł 30/BPa
100 1# - MAIN ENTRY--PERSONAL NAME
Personal name Mardin, Vasilij Vasil'evič.
245 10 - TITLE STATEMENT
Title Spravočnik po èlektronnym izmeritel'nym priboram /
Statement of responsibility, etc V. V. Mardin, A. I. Krivonosov.
260 ## - PUBLICATION, DISTRIBUTION, ETC. (IMPRINT)
Place of publication, distribution, etc Moskva :
Name of publisher, distributor, etc Svâz',
Date of publication, distribution, etc 1978.
300 ## - PHYSICAL DESCRIPTION
Extent 416 s. :
Other physical details il. ;
Dimensions 21 cm.
504 ## - BIBLIOGRAPHY, ETC. NOTE
Bibliography, etc Indeks.
650 ## - SUBJECT ADDED ENTRY--TOPICAL TERM
Topical term or geographic name as entry element Elektrotechnika
Form subdivision poradniki.
650 ## - SUBJECT ADDED ENTRY--TOPICAL TERM
Topical term or geographic name as entry element Urządzenia elektryczne
Form subdivision poradniki.
700 1# - ADDED ENTRY--PERSONAL NAME
Personal name Krivonosov, Alerij Ivanovič.
942 ## - ADDED ENTRY ELEMENTS (KOHA)
Source of classification or shelving scheme
Koha item type Książki

Brak dostępnych egzemplarzy.

Działa dzięki Koha